000 00683nam a22002177a 4500
005 20241022122515.0
010 _aENG-142240
020 _a9789361639371
_c250.00
035 _aEN-125772
037 _bDBAD
082 _a001.64
100 _aJesubalan, Ananthi
_973140
245 _aGenerative AI:
_cby Ananthi Jesubalan
_bA Beginner's Guide
250 _aFirst
260 _bShanlax Publications
_aTamil Nadu
_c2024
270 _a61, 66 T.P.K. Main Road, Vasantha Nagar, Madurai
_bTamil Nadu
_e625003
300 _a213p.
_c22cm(pb)
700 _aRamasamy, Praveenkumar
_973141
700 _aShanmugasundaram, Sowmika
_973142
942 _2ddc
_cEN
_h001.64
_mJES
999 _c206563
_d206563